00228nam a2200097Ia 4500008004100000100001400041245002600055260003200081260000900113300000800122170620s9999 xx 000 0 und d aRatneswar 0aSafhal Hindi Shikshan bPatna : Novelty And Company c2004 a310